Thư viện Bà Rịa - Vững Tàu trong tôi! /

Na minha lista:
Detalhes bibliográficos
Autor principal: Phạm Thế Khang.
Formato: Artigo
Idioma:Vietnamese
Assuntos:
Tags: Adicionar Tag
Sem tags, seja o primeiro a adicionar uma tag!
Thư viện lưu trữ: Thư viện Trường Đại học Đà Lạt
LEADER 00759nam a2200265 4500
001 DLU120140793
005 ##20120917
040 # # |a DLU  |b vie 
041 # # |a vie 
044 # # |a vn 
100 # # |a Phạm Thế Khang. 
245 # # |a Thư viện Bà Rịa - Vững Tàu trong tôi! /  |c Phạm Thế Khang. 
653 # # |a Đầu tư phát triển 
653 # # |a Năng lực 
653 # # |a Nghiệp vụ 
773 # # |t Tạp chí Thư viện Việt Nam  |g Số 3(23), 2010, tr. 59-61 
920 # # |a Phòng Tạp chí -- Trung tâm Thông tin - Thư viện Trường Đại học Đà Lạt 
994 # # |a DLU 
900 # # |a True 
911 # # |a Nguyễn Thị Linh Chi 
925 # # |a G 
926 # # |a A 
927 # # |a BB 
980 # # |a Thư viện Trường Đại học Đà Lạt